zpět

Detail výsledku týmu

Klub Tyjátr, Svitavy

Datum a čas kvízu

4.5 Celkem bodů Celkový počet nahraných bodů na tomto kvízu bez doplňovacích otázek.
7. Pořadí na kvízu Konečné umístění týmu na tomto kvízu.

Zaznamenané odpovědi

# Otázka Odpověď Body Výsledky
1. V Olomouci se objevil případ m... na sušáku na prádlo (na klepači na koberce) 0
2. Který ze členů britské královs... princ Andrew 0
3. Středeční přehlídka spodního p... A) v devátém měsíci těhotenství 1
4. Která společnost se umístila n... Apple 0
5. Při pokračování kvalifikace fo... D) krysa 0
6. Napište jméno pouště na obrázk... Namib (Namibská poušť) 0
7. Uveďte, kterým čtyřpísmenným p... vádí 0
8. Vyberte, se kterým živočichem... B 0
9. Pokud bylo cílovým místem slav... růžová (Růžové jezero) 1
10. Který spisovatel je autorem vě... Frank Herbert 0